Countries with 4 letters - Statistics

General Stats
  • This quiz has been taken 108 times
  • The average score is 9 of 10
Answer Stats
Continent Country % Correct
Oceania Fiji
94%
South America Peru
92%
North America Cuba
90%
Asia Iran
89%
Asia Iraq
89%
Africa Togo
86%
Asia Laos
85%
Africa Mali
84%
Asia Oman
83%
Africa Chad
82%
No matching quizzes found
Score Distribution
Percent of People with Each Score
Percentile by Number Answered
Your Score History
You have not taken this quiz